Far Harbor Characters Fallout 4 - Statistics

General Stats
  • This quiz has been taken 33 times
  • The average score is 10 of 46
Answer Stats
Hint Answer % Correct
Brother of Nick Valentine and leader of Acadia DiMA
96%
Your Far Harbor Companion Old Longfellow
67%
Far Harbor Merchant Allen Lee
52%
A former Courser in Acadia Chase
48%
Leader of Far Harbor Captain Avery
44%
A Mechanic that wants you to help her kill a legendary monster The Mariner
44%
You came here to find her Kasumi Nakano
41%
High Confessor of the Children of Atom Tektus
41%
Last living member of the Dalton family on Far Harbor Cassie Dalton
37%
Caretaker of above Faraday
37%
Bartender at the Last Plank Mitch
33%
Little girl on Far Harbor Small Bertha
33%
Uncle of the bartender at the Last Plank Uncle Ken
30%
Acadia Resident and merchant Cog
26%
Asks you to look for his daughter Kenji Nakano
26%
Far Harbor Merchant who is a Synth Brooks
22%
Acadia Resident Jule
22%
Sells Dogs Erickson
19%
A Private entrepreneur with a machete Machete Mike
19%
Doctor on Far Harbor Teddy Wright
19%
Zealot of the Children of Atom (Male) Ware
19%
Asks you to find her daughter Rei Nakano
15%
Sister of ...... Lee Sandra Lee
15%
Caretaker of the Crypt Sister Aubert
15%
Children of Atom Merchant (Female) Sister Mai
15%
Children of Atom Doctor The Archemist
15%
Nucleus Resident Brother Devin
11%
Children of Atom Merchant (Male) Brother Kane
11%
Acadia Merchant Dejen
11%
Trapper Leader Douglas
11%
Super Mutant Behemoth Grun
11%
Zealot of the Children of Atom (Female) Theil
11%
BoS Knight Captain Larsen
7%
Far Harbor Resident Andre Michaud
4%
Acadia Resident and merchant doctor Aster
4%
Trapper Leader Bilge
4%
A Railroad member Boxer
4%
Can be found being on the run for Mirelurks at Emmets Causeway Dottie
4%
Former member of the Children of Atom Gwyneth
4%
He will give you 140 caps if he survives the gulper attack Jared Gresham
4%
Trapper cannibal Malcolm
4%
Acadia Resident Miranda
4%
Acadia Resident Naveen
4%
Little boy on Far Harbor Tony
4%
Institute member thats field operative William Moseley
4%
Grand Zealot of the Children of Atom former Enclave Brian Richter
0%
No matching quizzes found
Score Distribution
Percent of People with Each Score
Percentile by Number Answered
Your Score History
You have not taken this quiz